| 000 | 00319nam a2200097Ia 4500 | ||
|---|---|---|---|
| 008 | 220120s9999||||xx |||||||||||||| ||und|| | ||
| 100 |
_aGoutham and others _912584 |
||
| 245 | 0 | _aDiffusion of mobile commerce application in the market | |
| 260 |
_aCoorg Institute of Technology _bPonnampet _c2015 |
||
| 650 | _aCOMPUTER SCIENCE | ||
| 999 |
_c138182 _d138182 |
||